What language is this? #4 - Statistics

General Stats
  • This quiz has been taken 52 times
  • The average score is 8 of 15
Answer Stats
Hint Answer % Correct
Bonjour. Bienvenue à la quatrième partie. Sera-ce la dernière ? Je suis en train de les réaliser au travail, alors j'espère avoir quelque chose de plus important à faire prochainement. En attendant, voici un autre sujet : ce quiz portera sur l'univers. Si vous êtes attentif, vous devriez apprendre des choses intéressantes. Et oui, tout cela est vérifié. Bonne chance et amusez-vous bien ! French
100%
يدور كوكب الزهرة ببطءٍ شديد - تستغرق الدورة الواحدة حوالي ٢٤٣ يومًا أرضيًا. لكنه يدور حول الشمس في ٢٢٥ يومًا أرضيًا فقط، مما يعني أن السنة الزهرية أقصر من اليوم الزهري. والأغرب من ذلك، أنه يدور عكسيًا مقارنةً بمعظم الكواكب. على كوكب الزهرة، ستشرق الشمس من الغرب وتغرب في الشرق - في النهاية. Arabic
91%
Neutronstjerner er så tætte, at en enkelt teskefuld af deres materiale ville veje omkring 6 milliarder tons på Jorden. Det er mere end vægten af ​​Mount Everest. Disse stjerner er rester af supernovaeksplosioner og er så kompakte, at atomer kollapser. Det er materie på sin absolutte grænse. Danish
77%
Macula Frigida CMB est regio ingens et insolita frigida in radiatione cosmica microfluctuum. Tam mirum est ut scientifici omnia, a vacuis ingentibus ad universa alterna, proposuerunt ad eam explicandam. Unum est e maximis mysteriis cosmologicis adhuc nondum solutis. Aliquid insolitum ibi accidit — vel non accidit. Latin
72%
នៅក្នុងក្រុមតារានិករ Sagittarius ស្ថិតនៅលើ Sagittarius B2 ដែលជាពពកឧស្ម័នដែលមានជាតិអាល់កុលរាប់លានលីត្រ ដែលភាគច្រើនជាមេតាណុល និងអេតាណុល។ វា​មិន​អាច​ផឹក​បាន (វា​ក៏​ពុល​ដែរ) ប៉ុន្តែ​វា​មាន​លក្ខណៈ​គីមី​ស្រដៀង​នឹង​ស្រា។ ពពកនេះមានទំហំប្រហែល 1,000 ដងនៃទំហំប្រព័ន្ធព្រះអាទិត្យរបស់យើង។ នៅកន្លែងណាមួយនៅទីនោះ សកលលោកគឺជាអ្នកក្រឡុកស្រា។ Khmer
70%
সূর্য অবশেষে হীরাতে পরিণত হবে। এটি মারা যাওয়ার পর, সূর্য তার বাইরের স্তরগুলি ছিঁড়ে একটি শ্বেত বামনে পরিণত হবে। কোটি কোটি বছর ধরে, এর মূল অংশটি একটি বিশাল হীরার মতো কাঠামোতে স্ফটিক হয়ে যাবে। এই "হীরা তারকা" পর্যায়টি অন্যান্য শ্বেত বামনে দেখা গেছে। একদিন, আমাদের সৌরজগতে একটি রত্ন থাকবে যেখানে একবার একটি সূর্য জ্বলেছিল। Bengali
56%
Մարսի վրա գտնվող Օլիմպոս Մոնսը մոտ 22 կմ բարձրություն ունի, գրեթե երեք անգամ ավելի բարձր, քան Էվերեստ լեռը։ Մարսի ցածր ձգողականության և սալերի տեկտոնիկայի բացակայության պատճառով այն կարողացել է շատ ավելի բարձր լինել, քան Երկրի վրա ցանկացած լեռ։ Եթե կանգնեիք նրա ստորոտում, նրա գագաթը հազիվ թե տեսանելի լիներ մոլորակի կորության պատճառով։ Armenian
53%
Pluton ima srce, a ne samo slatki oblik na površini. Izgrađen je od dušikovog leda koji možda kruži toplinom i materijalom, stvarajući konvekcijske obrasce poput sporog, ledenog otkucaja srca. Ovo kretanje pomaže u sprječavanju potpunog smrzavanja Plutonove atmosfere. Čak je i sićušni, hladni Pluton geološki aktivan i iako se više ne smatra planetom, i dalje je definitivno vrijedan član našeg Sunčevog sustava. Croatian
49%
ໃນຂະນະທີ່ພື້ນທີ່ເປັນສູນຍາກາດ, ສຽງຍັງສາມາດມີຢູ່ໃນຮູບແບບຂອງການສັ່ນສະເທືອນຂອງແມ່ເຫຼັກໄຟຟ້າ. ການສັ່ນສະເທືອນເຫຼົ່ານີ້ສາມາດປ່ຽນເປັນການບັນທຶກສຽງໄດ້. ການປ່ອຍອາຍພິດວິທະຍຸຂອງ Saturn ຄ້າຍຄືເພງຂອງປາວານ. ພື້ນທີ່ບໍ່ງຽບ - ມັນບໍ່ສັ່ນສະເທືອນແບບທີ່ອາກາດເຮັດ. Lao
44%
Magnetarai yra retas neutroninių žvaigždžių tipas, kurių magnetiniai laukai yra trilijonus kartų stipresni nei Žemės. Jų intensyvus magnetizmas gali susukti plutą, sukeldamas galingus žvaigždžių žemės drebėjimus ir didelės energijos spinduliuotės, tokios kaip rentgeno ir gama spinduliai, pliūpsnius. Vienas magnetaro žybsnis per sekundės dalį gali išlaisvinti daugiau energijos, nei Saulė išspinduliuoja per 100 000 metų. Nepaisant savo galios, magnetarai yra neįtikėtinai maži – tik apie 20 kilometrų skersmens. Lithuanian
42%
Proxima Centauri бол Нартай хамгийн ойр байгаа од бөгөөд 4.24 гэрлийн жилийн зайд Альфа Центаврын системд байрладаг. Энэ бол улаан одой, манай нарнаас хамаагүй жижиг, сэрүүн, нүцгэн нүдээр харахад хэтэрхий бүдэг. Хэдийгээр бүдэг бадаг ч ойр орчмын аль ч гаригт нөлөөлж болох хүчтэй одны дэгдэлтээрээ алдартай. Ийм нэг гараг болох Proxima b нь амьдрах боломжтой бүсэд оршдог боловч одны тогтворгүй байдлаас болж амьдрах чадвар нь тодорхойгүй хэвээр байна. Mongolian
35%
Proxima Centauri er tann stjørnan, sum er nærmast sólini, sum liggur umleið 4,24 ljósár burturi í Alfa Centauri-skipanini. Tað er ein reyður dvørgur, nógv minni og køliri enn okkara sól, og ov svakur at síggja við berum eyga. Hóast tað er dimt, so er tað kent fyri kraftmiklar stjørnublásur, sum kunnu ávirka allar nærliggjandi gongustjørnur. Ein slík planeta, Proxima b, liggur í bústaðarøkinum – men hvussu hon kann búgva, er framvegis óvist orsakað av fjølbroytninum hjá stjørnuni. Faroese
30%
Kukho malunga ne-10⁴⁹ iiathom eMhlabeni, elinani elikhulu ngokumangalisayo-kodwa ayonto xa ithelekiswa nenani leendlela zokutshixa idekhi enamakhadi angama-52: malunga ne-8 × 10⁶⁷. Oko kuthetha ukuba kukho ukutshixiza kwamakhadi ngakumbi kuneathom eMhlabeni ngomda ophantse ungacingeki. Ngapha koko, kusenokwenzeka ukuba akukho bantu babini embalini abakhe bakhubeka idesika ngendlela efanayo. Xhosa
28%
په کایناتو کې د ټولو موادو شاوخوا ۸۵٪ تیاره ماده ده، کوم چې رڼا نه خپروي، جذبوي یا منعکس کوي، نو موږ یې په مستقیم ډول نشو لیدلی. حتی عجیبه ده، د کایناتو د ټول ډله ایز انرژۍ شاوخوا ۲۷٪ تیاره ماده ده، او نور ۶۸٪ تیاره انرژي ده - یو پراسرار ځواک چې د کایناتو ګړندی پراختیا چلوي. دا پدې مانا ده چې هر څه چې موږ یې ګورو - ستوري، سیارې، کهکشانونه - د ټول کایناتي انځور یوازې یوه کوچنۍ برخه ده. Pashto
21%
Nrog koj zoo siab, koj tau taug kev los ntawm cov lus thiab tau nce mus thoob lub qab ntuj khwb - txhua yam tsis tau tawm ntawm koj lub rooj! Los ntawm kev txiav txim siab cov ntawv sau tsis meej rau kev tshawb nrhiav qhov tseeb ntawm lub siab, koj tau pom qee lub hlwb loj. Txawm hais tias koj tam sim no txawj ntse hauv cov hnub qub lossis tsuas yog ua tau zoo hauv kev lom zem nco ntsoov: ob qho tib si lus thiab lub ntiaj teb yog qhov kev sib tw tsis txaus ntseeg tos kom tshawb nrhiav. Yog li khaws cov lus nug, nrhiav pom, thiab ua kom koj xav paub ntxiv mus ib txhis! Hlub los ntawm, chatGPT. Hmong
12%
No matching quizzes found
Score Distribution
Percent of People with Each Score
Percentile by Number Answered
Your Score History
You have not taken this quiz